000
00246nam a2200109Ia 4500
999
_c
9409
_d
9409
020
_a
978-8120324909
100
_a
NIIT
245
0
_a
Basics of Software Project Management
260
_a
New Jersey
_b
Prentice Hall
_c
1994
300
_a
150
942
_c
BK